Graphic Design / A Concise History (Record no. 3957)
[ view plain ]
| 000 -LEADER | |
|---|---|
| fixed length control field | 01052cam a22002174a 4500 |
| 005 - ΗΜΕΡΟΜΗΝΙΑ ΚΑΙ ΩΡΑ ΤΕΛΕΥΤΑΙΑΣ ΕΝΗΜΕΡΩΣΗΣ | |
| Πεδίο ελέγχου | 20250605164130.0 |
| 008 - FIXED-LENGTH DATA ELEMENTS--GENERAL INFORMATION | |
| Πεδίο ελέγχου σταθερού μήκους | 250528s ||||||||||||||||||||||||d |
| 035 ## - SYSTEM CONTROL NUMBER | |
| System control number | 18608 |
| 020 ## - ISBN | |
| ISBN | 500202702 |
| 040 ## - ΠΗΓΗ ΚΑΤΑΛΟΓΟΓΡΑΦΗΣΗΣ | |
| Φορέας πρωτότυπης καταλογογράφησης | MC Athens Campus Library |
| Γλώσσα καταλογογράφησης | Ελληνικά, Μοντέρνα (1453-) |
| Modifying agency | MC Athens Campus Library |
| Κανόνες περιγραφικής καταλογογράφησης | AACR2 |
| 245 1# - ΤΙΤΛΟΣ ΚΑΙ ΔΗΛΩΣΗ ΥΠΕΥΘΥΝΟΤΗΤΑΣ | |
| Τίτλος | Graphic Design / A Concise History |
| 260 ## - PUBLICATION, DISTRIBUTION, ETC. | |
| Date of publication, distribution, etc. | 1996 |
| 300 ## - PHYSICAL DESCRIPTION | |
| Extent | 224 |
| 505 0# - FORMATTED CONTENTS NOTE | |
| Formatted contents note | From Graphic Art to Design 1890 to 1914, The Avant-Garde and the Origins of Modernism 1914 to 1940, National Tendencies Until 1940, The Designer and the Art Director, Variants of Modernism in Europe, Psychedelia and Protest and New Techniques, New Waves: Electronic Technology. |
| 520 ## - SUMMARY, ETC. | |
| Summary, etc. | From Graphic Art to Design 1890 to 1914, The Avant-Garde and the Origins of Modernism 1914 to 1940, National Tendencies Until 1940, The Designer and the Art Director, Variants of Modernism in Europe, Psychedelia and Protest and New Techniques, New Waves: Electronic Technology. |
| 700 1# - ΠΡΟΣΘΕΤΗ ΑΝΑΓΡΑΦΗ--ΦΥΣΙΚΟ ΠΡΟΣΩΠΟ | |
| Personal name | Hollis Richard |
| 9 (RLIN) | 4871 |
| 700 1# - ΠΡΟΣΘΕΤΗ ΑΝΑΓΡΑΦΗ--ΦΥΣΙΚΟ ΠΡΟΣΩΠΟ | |
| Personal name | Thames And Hudson |
| 9 (RLIN) | 2417 |
| 942 ## - ADDED ENTRY ELEMENTS (KOHA) | |
| Koha item type | Books |
| Τύπος τεκμηρίου | Βιβλιοθήκη | Τρέχουσα τοποθεσία | Barcode | Αριθμός εισαγωγής | Ημερομηνία απόκτησης | Ταξιθετικό σύμβολο | Αριθμός αντιτύπου | Κατάσταση απόσυρσης | Κατάσταση χαμένου | Κατάσταση κατεστραμμένου | Μη δανεισμός | Σύνολο δανεισμών | Ημερομηνία τελευταίας εμφάνισης | Η τιμή ισχύει από |
|---|---|---|---|---|---|---|---|---|---|---|---|---|---|---|
| Books | MC Athens Campus Library | MC Athens Campus Library | 9780000039569 | 3512 | 05/06/2025 | 741.6 HOL | 1 | 05/06/2025 | 05/06/2025 |